Essence of traditional Chinese medicine
| Corporate Author: | |
|---|---|
| Other Authors: | , |
| Format: | Book |
| Published: |
Xinjiapo :
Ya Tai Tu Shu ,
2010
|
| Subjects: |
MARC
| LEADER | 00000cam a2200000 7i4500 | ||
|---|---|---|---|
| 001 | 0000032012 | ||
| 005 | 20120508.0 | ||
| 008 | 120507 | ||
| 020 | |a 9812293647 | ||
| 090 | 0 | 0 | |a 610.951 |b ESS |
| 245 | 1 | 0 | |a Essence of traditional Chinese medicine |c compiled by Asiapac editorial ; illustrated by Fu Chunjiang, translated by Y N Han |
| 260 | |a Xinjiapo : |b Ya Tai Tu Shu , |c 2010 | ||
| 650 | 0 | |a Medicine, Chinese |x Caricatures and cartoons | |
| 700 | 1 | |a Fu, Chunjiang | |
| 700 | 1 | |a Y N, Han | |
| 710 | 1 | |a Asiapac | |
| 999 | |a 0001152666 |b Book |c Chinese Collection |e Perbadanan Perpustakaan Awam Johor | ||